000 01047nam a22002657a 4500
003 CBULib
005 20240415082302.0
008 230623b |||||||| |||| 00| 0 eng d
040 _aCBULib
_cCBULib
_bEnglish
_erda
041 _aeng
099 _aUNCTAD(06)STIP/2023/1
110 _aUnited Nations Conference on Trade and Development(UNCTAD)
245 _aScience, technology & innovation policy review : Angola
_c/ by United Nations Conference on Trade and Development(UNCTAD)
260 _aGeneva :
_bUnited Nations,
_c2023
300 _axi, 99 pages : illustrations
336 _2rdacontent
_aText |
_btxt
337 _2rdamedia
_aUnmediated |
_bn
338 _2rdacarrier
_aVolume
_bnc
610 _aUNITED NATIONS CONFERENCE ON TRADE AND DEVELOPMENT(UNCTAD)
650 _aTECHNOLOGICAL INNOVATIONS--GOVERNMENT POLICY--ANGOLA
650 _aSCIENCE AND INDUSTRY--GOVERNMENT POLICY--ANGOLA
650 _aPOLICY REVIEW--ANGOLA
856 _uhttps://unctad.org/system/files/official-document/dtlstict2022d7_en.pdf
942 _c029
_2lcc
999 _c79382
_d79382